ARRUPE JESUIT UNIVERSITY

CORONAVIRUS -STOP THE SPREAD - CLEAN,DISINFECT,COVER

The Jesuit Brothers Vocation / (Record no. 119760)

MARC details
000 -LEADER
fixed length control field 00492nam a22001457a 4500
008 - FIXED-LENGTH DATA ELEMENTS--GENERAL INFORMATION
fixed length control field 140129b xxu||||| |||| 00| 0 eng d
050 ## - LIBRARY OF CONGRESS CALL NUMBER
Classification number BX3703.3.J58
245 ## - TITLE STATEMENT
Title The Jesuit Brothers Vocation /
Statement of responsibility, etc Centrum Ignatianum Spiritualitatis
260 ## - PUBLICATION, DISTRIBUTION, ETC. (IMPRINT)
Place of publication, distribution, etc Rome
Name of publisher, distributor, etc Centrum Ignatianum Spiritualitatis
Date of publication, distribution, etc 1983
300 ## - PHYSICAL DESCRIPTION
Extent 116p.
Dimensions 24cm.
650 ## - SUBJECT ADDED ENTRY--TOPICAL TERM
Topical term or geographic name as entry element Jesuits
General subdivision Brothers
9 (RLIN) 7268
700 ## - ADDED ENTRY--PERSONAL NAME
Personal name Ganss, George E [et al]
9 (RLIN) 7269
710 ## - ADDED ENTRY--CORPORATE NAME
Corporate name or jurisdiction name as entry element Centrum Ignatianum Spiritualitatis
9 (RLIN) 7270
942 ## - ADDED ENTRY ELEMENTS (KOHA)
Source of classification or shelving scheme Library of Congress Classification
Item type Monograph ( Printed materials)
Koha issues (borrowed), all copies 1
Holdings
Withdrawn status Lost status Source of classification or shelving scheme Damaged status Not for loan Home library Current library Shelving location Date acquired Total Checkouts Full call number Barcode Date last seen Date last borrowed Price effective from Koha item type
    Library of Congress Classification     ARRUPE LIBRARY ARRUPE LIBRARY Main Collection 29/01/2014 1 BX3703.3.J58 46412169 22/11/2017 28/02/2014 29/01/2014 Monograph ( Printed materials)

 

Arrupe Library. PO Box MP320 Mt Pleasant, Harare, Zimbabwe
263 242 745411|librarian@aju.ac.zw